003310000a2200133000450000500170000024500410001726000590005830000120011704000080012936500090013765000130014665000230015965000150018220120302054756.0 a Bharatiya Sanskriti Mein Srikrishna aMathuraa:Srikrishna Janmasthana Sewaa Sansthaana,1987. a8,192p. aHIN b75/- aSankirna aBharatiya Saskriti aSrikrishna